| 000 -LEADER |
| fixed length control field |
00676cam a22002054a 4500 |
| 020 ## - INTERNATIONAL STANDARD BOOK NUMBER |
| ISBN |
041527625X |
| 020 ## - INTERNATIONAL STANDARD BOOK NUMBER |
| ISBN |
0415276268 (pbk.) |
| 040 ## - CATALOGING SOURCE |
| Transcribing agency |
DLC |
| 082 00 - DEWEY DECIMAL CLASSIFICATION NUMBER |
| Classification number |
174 EID 2003 A002 Or. |
| 245 02 - TITLE STATEMENT |
| Title |
A moral critique of development : |
| Remainder of title |
in search of global responsibilities / |
| 260 ## - PUBLICATION, DISTRIBUTION, ETC. (IMPRINT) |
| Place of publication |
[Mirano, Venice] : |
| Name of publisher |
EIDOS ; |
| Place of publication |
London ; |
| -- |
New York : |
| Name of publisher |
Routledge, |
| Year of publication |
2003. |
| 300 ## - PHYSICAL DESCRIPTION |
| Number of Pages |
xiii, 309 p. ; |
| Dimensions |
24 cm. |
| 650 #0 - SUBJECT ADDED ENTRY--TOPICAL TERM |
| Topical Term |
Economic development |
| 650 #0 - SUBJECT ADDED ENTRY--TOPICAL TERM |
| Topical Term |
Economic development projects |
| 650 #0 - SUBJECT ADDED ENTRY--TOPICAL TERM |
| Topical Term |
Globalization |
| 700 1# - ADDED ENTRY--PERSONAL NAME |
| Personal name |
Quarles van Ufford, Ph. |
| 700 1# - ADDED ENTRY--PERSONAL NAME |
| Personal name |
Giri, Ananta Kumar. |
| 856 42 - ELECTRONIC LOCATION AND ACCESS |
| Uniform Resource Identifier |
http://www.loc.gov/catdir/enhancements/fy0650/2002036927-d.html |
| 942 ## - ADDED ENTRY ELEMENTS (KOHA) |
| Koha item type |
សៀវភៅភាសាអង់គ្លេស |
| 952 ## - LOCATION AND ITEM INFORMATION (KOHA) |
| Withdrawn status [LOCAL, KOHA] |
0 |